Vista normal
Vista MARC
Entrada Topical Term
Número de registros utilizados en: 2
001 - CONTROL NUMBER
- control field: 24735
003 - CONTROL NUMBER IDENTIFIER
- control field: OSt
005 - DATE AND TIME OF LATEST TRANSACTION
- control field: 20230915231120.0
008 - FIXED-LENGTH DATA ELEMENTS
- fixed length control field: 230915|| aca||aabn | a|a d
040 ## - CATALOGING SOURCE
- Original cataloging agency: OSt
- Transcribing agency: OSt
150 ## - HEADING--TOPICAL TERM
- Topical term or geographic name entry element: Bogotá (COLOMBIA) - HISTORIA 1760 - 1808
670 ## - SOURCE DATA FOUND
- Source citation: Work cat.: (OSt)26957: Silva, Renán 24734, Los ilustrados de Nueva Granada , 1760 - 1808 . Genealogía de una comunidad de interpretación, Banco de la República